Корреляционный течеискатель с вертикальной антенной решеткой для поиска утечек в подводных трубопроводах; Дефектоскопия; № 2

Библиографические подробности
Источник:Дефектоскопия.— , 1965-
№ 2.— 2012.— [С. 32-39]
Главный автор: Лапшин Б. М. Борис Михайлович
Другие авторы: Овчинников А. Л. Алексей Львович
Примечания:Заглавие с экрана
Рассмотрен корреляционный метод локализации утечек на подводных трубопроводах с использованием двухэлементной вертикальной антенны. Получены основные расчетные соотношения, а также приведены оценки погрешности метода.
Режим доступа: по договору с организацией-держателем ресурса
Язык:русский
Опубликовано: 2012
Предметы:
Online-ссылка:http://elibrary.ru/item.asp?id=17770778
Формат: MixedMaterials Электронный ресурс Статья
Запись в KOHA:https://koha.lib.tpu.ru/cgi-bin/koha/opac-detail.pl?biblionumber=642703

MARC

LEADER 00000nla0a2200000 4500
001 642703
005 20250207165056.0
035 |a (RuTPU)RU\TPU\network\7662 
035 |a RU\TPU\network\7655 
090 |a 642703 
100 |a 20150706d2011 k||y0rusy50 ca 
101 0 |a rus 
102 |a RU 
135 |a drcn ---uucaa 
181 0 |a i  
182 0 |a b 
200 1 |a Корреляционный течеискатель с вертикальной антенной решеткой для поиска утечек в подводных трубопроводах  |d A correlation leak detector with a vertical antenna array for seeking leaks in underwater pipelines  |f Б. М. Лапшин, А. Л. Овчинников 
203 |a Текст  |c электронный 
300 |a Заглавие с экрана 
320 |a [Библиогр.: с. 39 (5 назв.)] 
330 |a Рассмотрен корреляционный метод локализации утечек на подводных трубопроводах с использованием двухэлементной вертикальной антенны. Получены основные расчетные соотношения, а также приведены оценки погрешности метода. 
333 |a Режим доступа: по договору с организацией-держателем ресурса 
461 |t Дефектоскопия  |d 1965- 
463 |t № 2  |v [С. 32-39]  |d 2012 
510 1 |a A correlation leak detector with a vertical antenna array for seeking leaks in underwater pipelines  |z eng 
610 1 |a электронный ресурс 
610 1 |a труды учёных ТПУ 
610 1 |a акустическая эмиссия 
610 1 |a течеискание 
610 1 |a течеискатели 
610 1 |a подводные трубопроводы 
610 1 |a антенная решетка 
700 1 |a Лапшин  |b Б. М.  |c специалист в области неразрушающего контроля  |c заведующий лабораторией №62 Томского политехнического университета  |f 1941-  |g Борис Михайлович  |3 (RuTPU)RU\TPU\pers\28182 
701 1 |a Овчинников  |b А. Л.  |c специалист в области неразрушающего контроля  |c старший научный сотрудник Томского политехнического университета, кандидат технических наук  |f 1974-  |g Алексей Львович  |3 (RuTPU)RU\TPU\pers\31597 
801 2 |a RU  |b 63413507  |c 20150706  |g RCR 
856 4 |u http://elibrary.ru/item.asp?id=17770778 
942 |c CF